• 首页
  • 本馆介绍
  • 公告通知
  • 最新文献
  • 馆藏检索
  • 电子资源
  • 读者导购
  • 参考咨询
  • 我的图书馆
  • 登录
  • 详细信息显示
  • 放入我的书架
  • 预约/预借图书
  • 作者相关作品
  • 分类相关作品
  • 丛书相关作品
  • 出版社相关作品

书目信息

  • 表格格式
  • 工作单格式
  • 卡片格式
题名:
季节的童话
    
 
作者: 杨昊 著
分册:  
出版信息: 银川   宁夏人民出版社  2006
页数: 224页
开本: 23cm
丛书名:
单 册:
中图分类: I217.62 , I217.2
科图分类:
主题词: 文学--作品--中国--现代--选集
电子资源:
ISBN: 7-227-03268-X
000 00800nam0 2200229 450
005 20070606203835.64
010    @a7-227-03268-X@dCNY20.00
100    @a20060606d2006 ekmy0chiy0110 ea
101 0  @achi
102    @aCN@b640000
105    @aa z 000yy
200 1  @a季节的童话@Aji jie de tong hua@e一位清华学子的心迹@f杨昊著
210    @a银川@c宁夏人民出版社@d2006
215    @a224页@c照片, 图@d23cm
330    @a本书撷取了作者从初中到大学的近一百六十篇十几万字,当作日记写下来的小文章,其中有观察日记、散文、诗歌、童话、格言、心得等。
517 1  @a一位清华学子的心迹@Ayi wei qing hua xue zi de xin ji
606 0  @a文学@x作品@y中国@z现代@j选集
690    @aI217.62@v4
690    @aI217.2@v3
701  0 @a杨昊@Ayang hao@4著
801  0 @aCN@bTAOJIN@c20070606
905    @a10447@dI217.2@e552
    
    季节的童话:一位清华学子的心迹/杨昊著 .-银川:宁夏人民出版社,2006
    224页:照片, 图;23cm
    
    
    ISBN 7-227-03268-X:CNY20.00
    本书撷取了作者从初中到大学的近一百六十篇十几万字,当作日记写下来的小文章,其中有观察日记、散文、诗歌、童话、格言、心得等。
●
相关链接 在E读中查询图书 在五车中查询图书 在当当中查询图书 在豆瓣中查询图书


正题名:季节的童话     索取号:I217.2/552         预约/预借

序号 登录号 条形码 馆藏地/架位号 状态 备注
1 0527165   205271659   第一样本阅览室/ [索取号:I217.2/552] 在馆    
2 0527166   205271668   第二借阅区/ [索取号:I217.2/552] 在馆    
3 0527167   205271677   第二借阅区/ [索取号:I217.2/552] 在馆    
4 0527168   205271686   第二借阅区/ [索取号:I217.2/552] 在馆    
唐山师范学院图书馆 欢迎您!
大连网信软件有限公司© 版权所有